Statistics for Cities with tallest twin buildings in the world over 150m.

Click here to take the quiz!

General Stats

  • This quiz has been taken 13 times
  • The average score is 71 of 95

Answer Stats

Twin Buildings;Country;City;% Correct
18One9Five Asoke-Rama IX (248m)ThailandBangkok
100%
26Parque Central Complex (225m)VenezuelaCaracas
100%
88World Trade Center C______ (152m)Sri LankaColombo
100%
21Altair (240m)Sri LankaColombo
100%
3JW Marriott Marquis D____ (355m)U.A.E.Dubai
100%
4Emirates Towers (354m)U.A.E.Dubai
100%
6One Za'abeel (330m)U.A.E.Dubai
100%
11Al Kazim Towers (265m)U.A.E.Dubai
100%
17Angsana Hotel & Suites (250m)U.A.E.Dubai
100%
33Keangnam Hanoi Landmark Towers (212m)VietnamHanoi
100%
66Selenium Twins (165m)TurkeyIstanbul
100%
36Anthill Residence Towers (210m)TurkeyIstanbul
100%
82Trump Towers (155m)TurkeyIstanbul
100%
80Sabanci Center (158m)TurkeyIstanbul
100%
62Tekstilkent Plaza (168m)TurkeyIstanbul
100%
2Thramrin Nine (382m)IndonesiaJakarta
100%
28The Peak Twin Towers (218m)IndonesiaJakarta
100%
35The Sentral Residences (210m)MalaysiaKuala Lumpur
100%
39Berjaya Times Square (203m)MalaysiaKuala Lumpur
100%
1Petronas Twin Towers (452m)MalaysiaKuala Lumpur
100%
40Le Nouvel Towers (200m)MalaysiaKuala Lumpur
100%
19The Vogue Suites (243m)MalaysiaKuala Lumpur
100%
30Naza Towers (215m)MalaysiaKuala Lumpur
100%
32City National Plaza (213m)U.S.A.Los Angeles
100%
58Century Plaza Towers (174m)U.S.A.Los Angeles
100%
22Bahrain World Trade Center (240m)BahrainManama
100%
13Bahrain Financial Harbour (260m)BahrainManama
100%
7City of Capitols (301m)RussiaMoscow
100%
37Orchid Enclave (210m)IndiaMumbai
100%
50Oberoi Esquire Towers (181m)IndiaMumbai
100%
95World Trade Center (150m)IndiaMumbai
100%
14The Imperial (256m)IndiaMumbai
100%
15One Avighna Park (256m)IndiaMumbai
100%
12Grand Gateway (262m)ChinaShanghai
100%
73Yihwa International Complex (160m)TaiwanTaipei
100%
68Far Eastern Plaza (164m)
Taiwan
Taipei
100%
79Alon Towers (158m)IsraelTel Aviv
100%
76HaArba'a Tower (160m)IsraelTel Aviv
100%
42Midtown Towers (197m)IsraelTel Aviv
100%
78Roppongi Hills Residences B & C (159m)JapanTokyo
100%
43The T____ Towers (194m)JapanTokyo
100%
85Residences of College Park (155m)CanadaToronto
100%
23Harbour Plaza (237m)CanadaToronto
100%
53Jordan Gate Towers (180m)JordanAmman
92%
74El Faro Towers (160m)ArgentinaBuenos Aires
92%
61Renoir Towers (171m)ArgentinaBuenos Aires
92%
70Mulieris Towers (164m)ArgentinaBuenos Aires
92%
41Bankers Hall (197m)CanadaCalgary
92%
16Palm Towers (251m)QatarDoha
92%
75Sky Towers (160m)UkraineKyiv
92%
24Deutsche Bank Center (229m)U.S.A.New York City
92%
45One Galaxy (192m)IndonesiaSurabaya
92%
55Marina City (179m)U.S.A.Chicago
83%
83Deutsche Bank Twin Towers (155m)GermanyFrankfurt
83%
65The Maritime (166m)MalaysiaGeorge Town
83%
48Arte S Towers (186m)MalaysiaGeorge Town
83%
47Setia V Residences (189m)MalaysiaGeorge Town
83%
81Gurney Paragon Towers (155m)MalaysiaGeorge Town
83%
49Lippo Center (186m)ChinaHong Kong
83%
10The Cullinan (270m)ChinaHong Kong
83%
51Immigration Tower and Revenue Tower (181m)ChinaHong Kong
83%
60Commerce Square (172m)U.S.A.Philadelphia
83%
92Center Square (150m)U.S.A.Philadelphia
83%
29Sheraton International Business Center (218m)ChinaChongqing
75%
57Pacific Village Towers (179m)PanamaPanama City
75%
87PSPF Towers (153m)TanzaniaDar es Salaam
67%
91Highwealth - City of Leadership (150m)TaiwanKaohsiung
67%
38Dolmen City (210m)KarachiPakistan
67%
9The Astaka (279m)MalaysiaJohor Bahru
58%
31Tri Tower Residences (215m)MalaysiaJohor Bahru
58%
64Tour Societe Generale (167m)FranceParis
58%
77Long Bang Trade Plaza (160m)TaiwanTaichung
58%
20Futures Trading Plaza (243m)ChinaDalian
42%
52Panhsin Twin Towers (180m)TaiwanNew Taipei
42%
71Sunland 41 (160m)TaiwanNew Taipei
42%
5Huaguoyuan Towers (335m)ChinaGuiyang
33%
86Blue and Green Diamond (153m)U.S.A.Miami Beach
25%
54Absolute World (179m)CanadaMississauga
25%
94The Columns at Legazpi Village (150m)PhilippinesMakati
17%
90Salcedo Park Twin Towers (151m)PhilippinesMakati
17%
34The St. Francis Shangri-La Place (212m)PhilippinesMandaluyong
17%
67GA Twin Towers (165m)PhilippinesMandaluyong
17%
25One Shangri-La Place Twin Towers (227m)PhilippinesMandaluyong
17%
27BSA Twin Towers (221m)PhilippinesMandaluyong
17%
72Building C07 & C08 (160m)EgyptNew Administrative Capital
17%
84Building C11 & C12 (155m)EgyptNew Administrative Capital
17%
63Jade Beach and Jade Ocean (168m)U.S.A.Sunny Isles Beach
17%
56Pacific Plaza Towers (179m)PhilippinesTaguig
17%
8Yachthouse Residence Club (280m)BrazilBalneario Combariu
8%
69Villa Serena Home Club (164m)BrazilBalneario Combariu
8%
89The Modern (151m)U.S.A.Fort Lee
8%
44Jesselton Twin Towers (192m)MalaysiaKota Kinabulu
8%
46Silverscape Residences (190m)MalaysiaMalacca City
8%
93Building D02 & D03 (150m)EgyptNew Administrative Capital
8%
59Concourse V & VI (174m)U.S.A.Sandy Springs
8%

Score Distribution

Percentile by Number Answered

Percent of People with Each Score

Your Score History

You have not taken this quiz